000 00350 a2200169 4500
001 186755
020 _a85-322-3750-9
040 _cMagnum
100 _aMartinez, Jose Carlos
240 1 0 _aOs 3 porquinhos
_lpor
245 1 0 _aOs 3 porquinhos
300 _a16
362 0 _a1997
440 1 _aFTD
697 _aLITERATURA INFANTO
942 _cBK
999 _c186755
_d186755